Ο οδηγός της MICROSOFT για το UNIX : τα λειτουργικά συστήματα SCO UNIX V/386 και XENIX
Αποθηκεύτηκε σε:
| Κύριος συγγραφέας: | |
|---|---|
| Μορφή: | Βιβλίο |
| Γλώσσα: | Greek |
| Δημοσίευση: |
Αθήνα :
Κλειδάριθμος,
1991
|
| Θέματα: | |
| Ετικέτες: |
Προσθήκη ετικέτας
Δεν υπάρχουν, Καταχωρήστε ετικέτα πρώτοι!
|
MARC
| LEADER | 00000cam a2200000 i 4500 | ||
|---|---|---|---|
| 001 | 1/103657 | ||
| 008 | 090402s1991 gre d | ||
| 020 | |a 960-209-116-9 | ||
| 035 | |l 10104136 | ||
| 040 | |a GR-MY-UA |b gre |e aacr | ||
| 041 | 0 | |a gre | |
| 082 | 0 | |a 005.43 |2 (22) | |
| 100 | 1 | |a Woodcock, Joanne. | |
| 245 | 1 | 2 | |a Ο οδηγός της MICROSOFT για το UNIX : |b τα λειτουργικά συστήματα SCO UNIX V/386 και XENIX / |c JoAnne Woodcock, Michael Halvorson, Robert Ackerman |
| 260 | |a Αθήνα : |b Κλειδάριθμος, |c 1991 | ||
| 300 | |a 431 σ.; |b εικ.; |c 24 εκ. | ||
| 504 | |a Περιέχει ευρετήριο | ||
| 630 | 0 | 0 | |a UNIX (Computer file) |
| 630 | 0 | 0 | |a XENIX. |
| 852 | |a INST |b SAMOS |e 20090402 |h 005.43 WOO |p 005300028986 |q 005300028986 |t BK |y 0 | ||
| 901 | |a BIBL3-2009-1 | ||
| 909 | |a Σ |b 155993 | ||
| 970 | |a ΣΙΤΖΙΜΗ |b ΓΙΑΣΕΜΗ |z 2009/04/02 | ||